000 00384nam a22001577a 4500
003 SGT
020 _a978-0-19-886442-9
082 _a615.1
_bATH
100 _aATHERDEN, L.M.
245 _aBENTLEY AND DRIVER'S TEXTBOOK OF PHARMACEUTICAL CHEMISTRY
250 _a8TH
260 _aINDIA
_bOXFORD
_c2025
300 _a916
650 _a PHARMACEUTICAL CHEMISTRY
942 _2ddc
_cBK
999 _c32967
_d32967